Statistics for Scottish Football Clubs by Badges

Click here to take the quiz!

General Stats

  • This quiz has been taken 145 times
  • The average score is 27 of 42

Answer Stats

Answer% Correct
Dundee
89%
{Raith} Rovers
87%
Hibernian
82%
Celtic
79%
{Dundee} United
79%
Aberdeen
79%
{Heart} {of} {Midlothian}
79%
Rangers
79%
Kilmarnock
79%
Motherwell
77%
Livingston
76%
{St} {Mirren}
76%
{Ross} {County}
75%
{Inverness} {Caledonian} Thistle
75%
{Partick} Thistle
74%
{Alloa} Athletic
73%
{St} {Johnstone}
71%
{Hamilton} {Academical}
68%
Falkirk
65%
{Albion} Rovers
64%
{Ayr} United
63%
{Dunfermline} Athletic
62%
{Elgin} City
62%
Dumbarton
62%
Peterhead
58%
{Greenock} {Morton}
54%
Arbroath
54%
{Queen's} {Park}
54%
{Forfar} Athletic
54%
{Queen} {of} {the} {South}
52%
Clyde
52%
Airdrieonians
51%
{Stirling} {Albion}
51%
{Brechin} City
51%
{Edinburgh} City
51%
Montrose
50%
{Cove} {Rangers}
48%
Cowdenbeath
48%
{East} {Fife}
48%
{Annan} Athletic
44%
Stranraer
43%
Stenhousemuir
43%

Score Distribution

Percentile by Number Answered

Percent of People with Each Score

Your Score History

You have not taken this quiz